000 01160nam a2200325 a 4500
001 000114343
003 CHAP
005 20220329144437.0
008 180115s2017 mx a fsm |||||||spa d
010 _a110804
011 _a111776
040 _cCHAP
090 _aTesis
100 1 _aRivera Longino, Rosa Elena
_9134307
245 1 0 _aPropagación vegetativa por medio de acodo aéreo de magnolia (Magnolia grandiflora L.) /
_h[En línea]
_cpor Rosa Elena Rivera Longino.
260 _aChapingo, Méx. :
_bEl autor,
_c2017.
500 _aPara ver el contenido del material haga clic en la liga
502 _aTesis (Ing. Agr. Esp. en Fitotecnia) -- UACH. Departamento de Fitotecnia
590 _aE8697GMM
_b05
_c20180115
_lUCH01
_h0856
590 _aE8697GMM
_b05
_c20180115
_lUCH01
_h0912
590 _aE8697GMM
_b05
_c20180115
_lUCH01
_h0957
650 1 4 _aAcodo.
_9622
650 1 4 _aMagnolia
_xFisiología y morfología.
_9134310
650 1 4 _aMagnolia
_xPropagación.
_9132977
650 1 4 _aRaíces
_xCrecimiento.
_994672
856 _aFinding aid
_uhttp://10.13.5.2/tesis/sist114343.pdf
_zTeclea aquí
901 _aBK
942 _cTESIS
942 _n0
999 _c110804
_d110804